Anime par image de lieux #2 - Statistiques

Statistiques générales
  • Ce quiz a été pris 1 097 fois
  • Le résultat moyen est 6 sur 16
Statistiques - réponses
Par images Réponse % Correct
One Piece (Marineford)
95%
L'Attaque des titans (District de Shiganshina)
93%
Assassination Classroom (Classe 3-E)
79%
Hunter x Hunter (Tour Céleste)
71%
Fairy Tail (Magnolia)
49%
Demon Slayer (Domaine des Papillons)
43%
Seven Deadly Sins (Forêt du Roi des Fées)
36%
Black Clover (Capitale Royale)
25%
Blue Exorcist (Académie de la Croix-Vraie)
23%
Gintama (Snack Otose)
22%
Code Geass (Académie Ashford)
17%
Saint Seiya (Le Sanctuaire)
11%
Violet Evergarden (Leiden)
11%
Hokuto no Ken (Southern Cross)
6%
Yu-Gi-Oh (QG de la Kaiba Corp)
5%
Yuyu Hakusho (Arène du Tournoi des Ténèbres)
2%
Aucun quiz correspondant
Distribution des résultats
% des personnes avec chaque résultat
Percentile par nombre de réponses
Votre historique - résultats
Vous n’avez pas pris ce quiz